000 01138cam a2200217 4500
001 WB3845-06
008 021204n2002 000 0 eng u
035 _a(Sirsi) u120666
245 _aSurvey of responsible company behaviour
260 _c2002
490 _aippr Press Release
_v4 December 2002, (3)
520 _aA survey of 500 directors by the Institute for Public Policy Research (ippr) and the Institute of Directors (IoD) reveals a gap between the theory and practice of corporate social responsibility. While many companies support policies to protect the environment and deliver equal opportunities, significantly less put these into practice. "What's on the agenda? How UK directors contribute to social and environmental objectives" is available from the ippr Media Office, e [email protected] www.ippr.org.uk/home/index.php?table=press&id=181
590 _aWB
650 _aDIRECTORS
650 _aINSTITUTE FOR PUBLIC POLICY RESEARCH
650 _aINSTITUTE OF DIRECTORS
650 _aENVIRONMENTAL MANAGEMENT
650 _aSOCIAL RESPONSIBILITY
690 _aMANAGEMENT-BUSINESS MANAGEMENT
942 _n0
999 _c71708
_d71708